| 000 | 01394cam a22003737a 4500 | ||
|---|---|---|---|
| 003 | CHAP | ||
| 005 | 20220329132955.0 | ||
| 008 | 971013s1990 r 00010 d | ||
| 010 | _a829 | ||
| 011 | _a1801 | ||
| 035 | _a978 | ||
| 040 | _cCHAP | ||
| 090 | _aTesis | ||
| 100 | 0 | 0 |
_aVega Nevárez, Ramiro. _9118289 |
| 245 | 0 | _aGeneración y aplicación de modelos agroclimáticos a la fenología de la palomilla de la manzana Cydia pomonella L. (Lepidóptera: Tortricidae) en Canatlán, Durango | |
| 260 |
_aMontecillo, Méx. : _bEl autor, _c1990 |
||
| 300 |
_a102 h. _b: ilus. ; gráfs. |
||
| 502 | _aTesis (M. C. Esp. en Agrometeorología) -- C.P. Programa de Agrometeorología | ||
| 590 |
_aALEPH _b10 _c20130110 _lUCH01 _h1206 |
||
| 590 |
_aBATCH-UPD _b10 _c20130109 _lUCH01 _h2355 |
||
| 590 |
_aBATCH-UPD _b10 _c20130110 _lUCH01 _h1201 |
||
| 590 |
_aBATCH-UPD _b10 _c20130410 _lUCH01 _h0743 |
||
| 590 |
_aBATCH-UPD _b10 _c20130914 _lUCH01 _h0851 |
||
| 590 |
_aCONVERSION _b10 _c20130109 _lUCH01 _h1302 |
||
| 650 | 1 | 4 |
_aCarpocapsa pomonella. _919295 |
| 650 | 1 | 4 |
_aControl de plagas. _927595 |
| 650 | 1 | 4 |
_aManzana _xPlagas. _970792 |
| 650 | 1 | 4 |
_aTemperatura _xEfecto en manzana. _9112207 |
| 901 | _aBK | ||
| 942 | _cFOLL | ||
| 949 |
_bBC _cTES _d-10439 _eTS1 _h23095 _i978 _si |
||
| 949 |
_bBC _cTES _d33724000633392 _eTS2 _fc.3 _h31056 _i978 _si |
||
| 949 |
_bBC _cTES _d33724000693644 _eTS2 _fc.2 _h23096 _i978 _si |
||
| 999 |
_c829 _d829 |
||